000 00604nam a2200229Ia 4500
003 OSt
005 20220923230157.0
006 a|||||r|||| 00| 0
007 ta
008 Pun
024 _a278,096
037 _cTextual
040 _aARTS
_cARTS
_bPun
041 _2Pun
_aPun
082 _aO153,1:g, M8
100 _aਸਮੀਰ, ਪਵਨ
245 0 _aਪੰਜਾਬੀ ਕਵਿਤਾ ਦਾ ਕਾਵਿ Fਾਸਤਰ
260 _c1988
650 _aਪੰਜਾਬੀ ਸਾਹਿਤ
942 _hO153,1:g, M8
_cTEXL
_2CC
999 _c383055
_d383055